The Impact of New Military Technology / (Record no. 186203)
[ view plain ]
| 000 -LEADER | |
|---|---|
| fixed length control field | 00728 a2200181 4500 |
| 003 - CONTROL NUMBER IDENTIFIER | |
| control field | NUST |
| 005 - DATE AND TIME OF LATEST TRANSACTION | |
| control field | 20221228181224.0 |
| 040 ## - CATALOGING SOURCE | |
| Transcribing agency | Nust |
| 082 ## - DEWEY DECIMAL CLASSIFICATION NUMBER | |
| Classification number | 355.43,IMP |
| 100 ## - MAIN ENTRY--PERSONAL NAME | |
| Personal name | Alford Jonathan |
| 9 (RLIN) | 48787 |
| 245 ## - TITLE STATEMENT | |
| Title | The Impact of New Military Technology / |
| Statement of responsibility, etc. | edited by Jonathan Alford |
| 260 ## - PUBLICATION, DISTRIBUTION, ETC. | |
| Place of publication, distribution, etc. | Pakistan |
| Name of publisher, distributor, etc. | NBF |
| Date of publication, distribution, etc. | 1962 |
| 300 ## - PHYSICAL DESCRIPTION | |
| Extent | 132 p.; |
| 505 ## - FORMATTED CONTENTS NOTE | |
| Formatted contents note | Military Doctrine and Technology (Page-1), New Weapons Technologies (Page-46), Precision guided Weapon (Page-78), Precision guided Munitions and Conventional (Page-95), PGM (Page-111), Military Competition Space (Page-116), New Trends in Air Power (Page-123). |
| 600 ## - SUBJECT ADDED ENTRY--PERSONAL NAME | |
| Personal name | Alford Jonathan |
| 9 (RLIN) | 48787 |
| 650 ## - SUBJECT ADDED ENTRY--TOPICAL TERM | |
| Topical term or geographic name entry element | Military Technology |
| 9 (RLIN) | 106281 |
| 942 ## - ADDED ENTRY ELEMENTS (KOHA) | |
| Source of classification or shelving scheme | |
| Koha item type | Book |
| Call number prefix | 355.43,IMP |
| Withdrawn status | Lost status | Source of classification or shelving scheme | Damaged status | Not for loan | Permanent Location | Current Location | Shelving location | Date acquired | Full call number | Barcode | Date last seen | Price effective from | Koha item type | Public note |
|---|---|---|---|---|---|---|---|---|---|---|---|---|---|---|
| Military College of Signals (MCS) | Military College of Signals (MCS) | General Stacks | 12/12/2016 | 355.43,IMP | MCS21520 | 12/08/2016 | 12/12/2016 | Book | Almirah No.53, Shelf No.3 |
